00330nam a2200121Ia 4500008004100000082001500041100001500056245003600071260002100107300000800128630003600136730003600172100122s9999 xx 000 0 und d b60850a720 aLO RAYMOND aFENG SHUI (क.क्र.27/3 ) bTIMES BOOKc1997 a207 aFENG SHUI (क.क्र.27/3 ) aFENG SHUI (क.क्र.27/3 )